000 00456nam a2200145Ia 4500
008 210428s9999 xx 000 0 und d
020 _a0-387-23395-4
082 _a538.4 M6891 M
100 _aYIMEI ZHU
_9125868
245 0 _aModern Techniques For Characterizing Magnetic Materials
260 _bKluwer Academic
_aUSA
_c2005
300 _a600p
856 _uhttp://10.250.8.41:8080/xmlui/handle/123456789/46562
_yFor E-Book Click here
942 _cBK
_2ddc
999 _c559874
_d559874